Online Catalogue and eLibrary

Uthurata giya sebelekuge kathawa (Record no. 4821)

MARC details
000 -LEADER
fixed length control field 00424nam a2200157Ia 4500
005 - DATE AND TIME OF LATEST TRANSACTION
control field 20250411062217.0
008 - FIXED-LENGTH DATA ELEMENTS--GENERAL INFORMATION
fixed length control field 240331s9999 xx 000 0 und d
020 ## - INTERNATIONAL STANDARD BOOK NUMBER
ISBN 9552102782
082 ## - DDC Classification
Item Number - Author Mark JAY
Class No. 891
100 ## - MAIN ENTRY--PERSONAL NAME
Personal name Jayatunghe,N.P
245 #0 - TITLE STATEMENT
Title Uthurata giya sebelekuge kathawa
260 ## - PUBLICATION, DISTRIBUTION, ETC.
Place of publication, distribution, etc. Nugegoda
Name of publisher, distributor, etc. M.D. Gunasena Books shop
Date of publication, distribution, etc. 1991
300 ## - PHYSICAL DESCRIPTION
Extent (e.g. Volumes, Pages etc.) 220 p .,
500 ## - GENERAL NOTE
General note Story Of a solider who went to the north
942 ## - Koha item type (Biblio)
Koha item type Books in Stacks (Lending)
Holdings
Lost status Damaged status Collection code Home library Current library Shelving location Date acquired Full call number Accession Number Item type
    Lending WERC Library WERC Library Social Science Cupboard 03/31/2024 891.48 JAY 1402 Books in Stacks (Lending)

© WERC Library